书目信息 |
| 题名: |
大学英语
|
|
| 作者: | 赵雄 总主编 ;刘春华 , 刘胜连 , 熊晓敏 主编 | |
| 分册: | (三) | |
| 出版信息: | 武汉 武汉理工大学出版社 2010.01 |
|
| 页数: | 240页 | |
| 开本: | 23cm | |
| 丛书名: | 网络继续教育课程学习指导丛书 | |
| 单 册: | ||
| 中图分类: | H31 | |
| 科图分类: | ||
| 主题词: | 英语--ying yu--高等学校--教材 | |
| 电子资源: | ||
| ISBN: | 978-7-5629-3137-9 | |
| 000 | 01238nam 2200313 450 | |
| 001 | 012011493031 | |
| 005 | 20110802084724.70 | |
| 010 | @a978-7-5629-3137-9@dCNY29.00 | |
| 100 | @a20100313d2010 km y0chiy0120 ea | |
| 101 | 0 | @achi@aeng |
| 102 | @aCN@b110000 | |
| 105 | @aa z 000yy | |
| 106 | @ar | |
| 200 | 1 | @a大学英语@Ada xue ying yu@h(三)@d= College English (III)@f赵雄总主编@Fzhao xiong zong zhu bian@g刘春华 ... [等]主编@Gliu chun hua...[deng]zhu bian@zeng |
| 210 | @a武汉@c武汉理工大学出版社@d2010.01 | |
| 215 | @a240页@c图@d23cm | |
| 225 | 2 | @a网络继续教育课程学习指导丛书@Awang luo ji xu jiao yu ke cheng xue xi zhi dao cong shu |
| 304 | @a题名页题 : 主编刘春华, 刘胜连, 熊晓敏, 吴新华 | |
| 330 | @a全书共分为8个单元,每个单元都讨论一个相关主题,包括:如何对待金钱,如何对待自己的缺点,关于对爱的理解,名人传记等。 | |
| 410 | 0 | @12001 @a网络继续教育课程学习指导丛书 |
| 510 | 1 | @aCollege English (III)@zeng |
| 606 | 0 | @a英语@Aying yu@x高等学校@j教材 |
| 690 | @aH31@v4 | |
| 701 | 0 | @a赵雄@Azhao xiong@4总主编 |
| 702 | 0 | @a刘春华@Aliu chun hua@4主编 |
| 702 | 0 | @a刘胜连@Aliu sheng lian@4主编 |
| 702 | 0 | @a熊晓敏@Axiong xiao min@4主编 |
| 801 | 0 | @aCN@bQSSK@c20110802 |
| 905 | @b794454-56@dH31@eZ332:3@f3 | |
| 大学英语.(三)= College English (III)/赵雄总主编/刘春华 ... [等]主编.-武汉:武汉理工大学出版社,2010.01 |
| 240页:图;23cm.-(网络继续教育课程学习指导丛书) |
| ISBN 978-7-5629-3137-9:CNY29.00 |
| 全书共分为8个单元,每个单元都讨论一个相关主题,包括:如何对待金钱,如何对待自己的缺点,关于对爱的理解,名人传记等。 |
| ● |
| 相关链接 |
|
|
|
正题名:大学英语
索取号:H31/Z332:3
 
预约/预借
| 序号 | 登录号 | 条形码 | 馆藏地/架位号 | 状态 | 备注 |
| 1 | 794454 | 207944545 | 语言库209/209语言库 91排1列4层/ [索取号:H31/Z332:3] | 在馆 | |
| 2 | 794455 | 207944554 | 语言库209/209语言库 91排1列4层/ [索取号:H31/Z332:3] | 在馆 | |
| 3 | 794456 | 207944563 | 语言库209/209语言库 91排1列4层/ [索取号:H31/Z332:3] | 在馆 |